| 000 | 00846cab a2200241 4500 | ||
|---|---|---|---|
| 001 | ABS60187 | ||
| 008 | 090401t1999 xxu||||| |||| 00| 0 eng d | ||
| 035 | _a(Sirsi) u99742 | ||
| 041 | _aeng | ||
| 100 | _aLeeming, N. | ||
| 245 | _aSales and the Internet | ||
| 260 | _c1999 | ||
| 350 | _a0 | ||
| 490 |
_aFarmland Market _v(51) Spring 1999, 18-19(2) |
||
| 520 | _aLooks at the effects the Internet has had on the property profession and highlights the services of Internet Property Finder (IPF), a service designed to bring together a number of agents to effectively promote property to the public. | ||
| 650 | _aFARMLAND MARKET | ||
| 650 | _aINTERNET PROPERTY FINDER | ||
| 650 | _aINTERNET | ||
| 650 | _aPROPERTY PROFESSION | ||
| 690 | _aMANAGEMENT-BUSINESS MANAGEMENT-INFORMATION MANAGEMENT | ||
| 942 | _n0 | ||
| 948 | _c05/03/1999 | ||
| 999 |
_c59978 _d59978 |
||